Представление документа в формате RUSMARC

Поле Инд. ПП Название Значение
Тип записи a
Библиографический уровень m
001 Контрольный номер 2f1dd553062e4423aa8924b3399e0477
003 Постоянный идентификатор записи https://znanium.ru/catalog/document?id=456131
005 Дата корректировки 20260331162953.6
010 a ISBN 978‐5‐00209-159-1
100 a Данные общей обработки 20241106d2024 m y0rusy0150 ca
101 0_ a Язык текста rus
102 a Страна публикации RU
200 1_ a Заглавие Регулирование правоотношений: проблемы теории и практики. В 2 ч. Часть 2
e Сведения, относящиеся к заглавию материалы ХXII ежегодной Международной студенческой научно-практической конференции «Регулирование правоотношений: проблемы теории и практики» (30 марта –31 марта 2023 г.): сборник статей
b Общее обозначение материала Электронный ресурс
g Последующие сведения об ответственности отв. ред. А. В. Ефимов
210 1_ a Место издания Москва
c Издательство РГУП им. В.М. Лебедева
d Дата издания 2024
215 a Объем 1207 с.
333 a Примечание о целевом назначении Профессиональное образование
606 a Основная рубрика Право. Юридические науки
x Основная подрубрика Общая теория права
x Основная подрубрика Теория государства и права
2 Код системы local
608 a Жанр/форма Сборник
2 Код системы local
675 a Индекс УДК 34
z Язык издания rus
702 _1 g Полное личное имя Ефимов А.В., отв. ред.
801 _0 a Страна RU
b Организация Общество с ограниченной ответственностью «ЗНАНИУМ»
c Дата составления 20241105
2 Код формата rusmarc
856 4_ m Координаты для получения помощи по доступу ebs_support@infra-m.ru
n Название местонахождения сервера НИЦ ИНФРА-М
u URL https://op.raj.ru/serijnye-izdaniya/117-sborniki-nauchnykh-statej/1284-reg-prav-2023
856 41 d Путь (Path) /cover/2183
900 a Макрообъекты Сб. Регулирование правоотношений. Часть 2_Ефимов
905 a Дата ввода 20250415
952 c Вид литературы издания РГУП
k Публикации кафедры Предпринимательского и корпоративного права